000 00657nam a2200205Ia 4500
003 GCL
008 140319s9999 xx 000 0 ara d
040 _aGCL /
_cGCL
082 0 4 _a239.7
_bا ب
100 1 _aاحمد درة
245 1 0 _aبراءة من السماء /
_cاحمد درة
260 _a[S.N] :
_bالهيئة المصرية العامة للكتاب ،
_c1991
300 _a171 ص
490 _aقضايا اسلامية معاصرة
_v0
650 0 4 _aالاسلام
650 0 4 _aالديانات
650 0 4 _aعائشة بنت ابو بكر
650 0 4 _aزوجات النبى صلى الله عليه وسلم
942 _2ddc
_cBK
999 _c29206
_d29206